| 000 | 00797cam a22002054a 4500 | ||
|---|---|---|---|
| 005 | 20250605164210.0 | ||
| 008 | 250528s ||||||||||||||||||||||||d | ||
| 035 | _a20222 | ||
| 020 | _a194323080 | ||
| 040 |
_aGR-AtMCL _bgre _dGR-AtMCL _eAACR2 |
||
| 245 | 1 | _aFast Forward 3 / Classbook | |
| 250 | _a2nd | ||
| 260 |
_bOxford University Press, _c1987 |
||
| 300 | _a106 | ||
| 520 | _aA series of four courses for adult students of English attending intensive courses of 60-80 teaching hours. Thinking about Language Learning, Eat and Drink and Relax, People, Holidays and Travel, The Human Brain, Work, School, Business and Industry, Advertising, Sex and Gender, A Taste of Literature, Solutions. | ||
| 700 | 1 |
_aGeddes Marion _96249 |
|
| 942 | _cBK | ||
| 999 |
_c5356 _d5356 |
||